<?xml version="1.0" encoding="UTF-8"?>
<record
    xmlns:xsi="http://www.w3.org/2001/XMLSchema-instance"
    xsi:schemaLocation="http://www.loc.gov/MARC21/slim http://www.loc.gov/standards/marcxml/schema/MARC21slim.xsd"
    xmlns="http://www.loc.gov/MARC21/slim">

  <leader>04125nam a2200421 a 4500</leader>
  <controlfield tag="003">CHAP</controlfield>
  <controlfield tag="005">20230515130545.0</controlfield>
  <controlfield tag="007">ta</controlfield>
  <controlfield tag="008">230515s2012    -usdo||fr|||| 001 0 eng d</controlfield>
  <datafield tag="020" ind1=" " ind2=" ">
    <subfield code="a">978-1-138-19962-0</subfield>
  </datafield>
  <datafield tag="040" ind1=" " ind2=" ">
    <subfield code="a">mxchpua</subfield>
    <subfield code="c">CHAP</subfield>
    <subfield code="e">rda</subfield>
  </datafield>
  <datafield tag="050" ind1="1" ind2="0">
    <subfield code="a">TP421</subfield>
    <subfield code="b">.S94 2012</subfield>
  </datafield>
  <datafield tag="082" ind1="0" ind2="0">
    <subfield code="a">664.5</subfield>
    <subfield code="b">S94 2012</subfield>
    <subfield code="2">20</subfield>
  </datafield>
  <datafield tag="245" ind1="1" ind2="0">
    <subfield code="a">Sweeteners :</subfield>
    <subfield code="b">nutritional aspects, applications, and production technology /</subfield>
    <subfield code="c">editores Theodoros Varzakas, Athanasios Labropoulos y Stylianos Anestis</subfield>
  </datafield>
  <datafield tag="250" ind1=" " ind2=" ">
    <subfield code="a">1a edici&#xF3;n</subfield>
  </datafield>
  <datafield tag="264" ind1=" " ind2=" ">
    <subfield code="a">Boca Raton, FL :</subfield>
    <subfield code="b">CRC Press,</subfield>
    <subfield code="c">2012</subfield>
  </datafield>
  <datafield tag="300" ind1=" " ind2=" ">
    <subfield code="a">xxiv, 452 p&#xE1;ginas :</subfield>
    <subfield code="b">gr&#xE1;ficas, diagramas, tablas, fotos</subfield>
  </datafield>
  <datafield tag="336" ind1=" " ind2=" ">
    <subfield code="2">rdacontent</subfield>
    <subfield code="a">texto</subfield>
    <subfield code="b">txt</subfield>
  </datafield>
  <datafield tag="337" ind1=" " ind2=" ">
    <subfield code="2">rdamedia</subfield>
    <subfield code="a">sin medio</subfield>
    <subfield code="b">n</subfield>
  </datafield>
  <datafield tag="338" ind1=" " ind2=" ">
    <subfield code="2">rdacarrier</subfield>
    <subfield code="a">volumen</subfield>
    <subfield code="b">nc</subfield>
  </datafield>
  <datafield tag="490" ind1="1" ind2=" ">
    <subfield code="a">Food science &amp; technology (CRC Press)</subfield>
  </datafield>
  <datafield tag="504" ind1=" " ind2=" ">
    <subfield code="a">Incluye bibliograf&#xED;as</subfield>
  </datafield>
  <datafield tag="505" ind1="0" ind2=" ">
    <subfield code="a">Sweeteners in General; T. Varzakas, A. Labropoulos, and S. Anestis --
Chemistry and Functional Properties of Carbohydrates and Sugars (Monosaccharides, Disaccharides, and Polysaccharides); Constantina Tzia, V. Giannou, D. Lebesi, and C. Chranioti --
Sugar Alcohols (Polyols); G. A. Evrendilek --
Low Calorie Nonnutritive Sweeteners; G.-P. Nikoleli and D. P. Nikolelis --
Honey; A. Labropoulos and S. Anestis --
Syrups; A. Labropoulos and S. Anestis --
Other Sweeteners; T. Varzakas and A. Labropoulos --
Application of Sweeteners in Food and Drinks (Bakery, Confectionery, Dairy Products, Puddings, Fruit Products, Vegetables, Beverages, Sports Drinks, Hard Candies, Loukoumia, Marmalades, Jams, Jellies, Baked Goods, Sorbet); T. Varzakas and B. &#xD6;zer --
Quality Control of Sweeteners: Production, Handling, and Storage; T. Varzakas --
EU, U.S., and Third World Country Regulations and Japanese Legislation; T. Varzakas --
Nutritional and Health Aspects of Sweeteners; T. Varzakas and C. Chryssanthopoulos --
Genetically Modified Herbicide-Tolerant Crops and Sugar Beet&#x2014;Environmental and Health Concerns; T. Varzakas and V. Pletsa --
Bulking and Fat-Replacing Agents; T. Vasiljevic and T. Varzakas --
Risk Assessment of Sweeteners Used as Food Additives; A. Mortensen and J. C. Larsen --
Index</subfield>
  </datafield>
  <datafield tag="520" ind1="2" ind2=" ">
    <subfield code="a">Sweeteners: Nutritional Aspects, Applications, and Production Technology explores all essential aspects of sugar-based, natural non-sugar-based, and artificial sweeteners. The book begins with an overview presenting general effects, safety, and nutrition. Next, the contributors discuss sweeteners from a wide range of scientific and lifestyle perspectives. Topics include:

The chemistry and functional properties of monosaccharides, oligosaccharides, polysaccharides, and sugar polyols
Analytical methodologies for determining low-calorie nonnutritive sweeteners
Honey, syrups, and their physicochemical aspects and applications
Sweeteners such as "sykin" and raisin, prune, apple, and grape juice concentrate
Quality control, production, handling, storage, safety, legislation, and risk assessment of sweeteners
The impact of sweeteners and sugar alternatives on nutrition and health
Environmental and health concerns from the use of genetically modified (GM) herbicide-tolerant sugar beets and GM high fructose corn syrup
Inulin and oligofructose as soluble dietary fibers derived from chicory root
As manufacturers strive to produce healthier and safer products with better taste, new avenues of inquiry are opening up with respect to both the sources and the processing of sweeteners. This volume provides a solid starting point for researchers and product developers in the food and beverage industry.</subfield>
  </datafield>
  <datafield tag="650" ind1="1" ind2="7">
    <subfield code="9">35703</subfield>
    <subfield code="a">Edulcorantes</subfield>
  </datafield>
  <datafield tag="650" ind1="1" ind2="3">
    <subfield code="9">140677</subfield>
    <subfield code="a">Miel</subfield>
  </datafield>
  <datafield tag="650" ind1="1" ind2="3">
    <subfield code="9">187019</subfield>
    <subfield code="a">Jarabes</subfield>
  </datafield>
  <datafield tag="650" ind1="1" ind2="3">
    <subfield code="9">137923</subfield>
    <subfield code="a">Valor nutritivo</subfield>
  </datafield>
  <datafield tag="650" ind1="1" ind2="3">
    <subfield code="9">161501</subfield>
    <subfield code="a">Sweeteners  </subfield>
  </datafield>
  <datafield tag="650" ind1="1" ind2="3">
    <subfield code="9">158819</subfield>
    <subfield code="a">Honey</subfield>
  </datafield>
  <datafield tag="650" ind1="1" ind2="3">
    <subfield code="9">187020</subfield>
    <subfield code="a">Syrups</subfield>
  </datafield>
  <datafield tag="650" ind1="1" ind2="3">
    <subfield code="9">147443</subfield>
    <subfield code="a">Nutritive value  </subfield>
  </datafield>
  <datafield tag="700" ind1="1" ind2=" ">
    <subfield code="9">187021</subfield>
    <subfield code="a">Varzakas, Theodoros</subfield>
    <subfield code="e">editor</subfield>
  </datafield>
  <datafield tag="700" ind1="1" ind2=" ">
    <subfield code="9">187022</subfield>
    <subfield code="a">Labropoulos, Athanasios</subfield>
    <subfield code="e">editor</subfield>
  </datafield>
  <datafield tag="700" ind1="1" ind2=" ">
    <subfield code="9">187023</subfield>
    <subfield code="a">Anestis, Stylianos</subfield>
    <subfield code="e">editor</subfield>
  </datafield>
  <datafield tag="830" ind1=" " ind2="0">
    <subfield code="9">186940</subfield>
    <subfield code="a">Food science &amp; technology (CRC Press)</subfield>
  </datafield>
  <datafield tag="942" ind1=" " ind2=" ">
    <subfield code="2">ddc</subfield>
    <subfield code="c">Libro</subfield>
  </datafield>
  <datafield tag="999" ind1=" " ind2=" ">
    <subfield code="c">218746</subfield>
    <subfield code="d">218746</subfield>
  </datafield>
  <datafield tag="952" ind1=" " ind2=" ">
    <subfield code="0">0</subfield>
    <subfield code="1">0</subfield>
    <subfield code="2">ddc</subfield>
    <subfield code="4">0</subfield>
    <subfield code="5">1</subfield>
    <subfield code="7">0</subfield>
    <subfield code="8">GRAL</subfield>
    <subfield code="a">IA_</subfield>
    <subfield code="b">IA_</subfield>
    <subfield code="d">2019-11-28</subfield>
    <subfield code="e">Compra Librer&#xED;a UACh F. 38696</subfield>
    <subfield code="i">Consumo</subfield>
    <subfield code="l">0</subfield>
    <subfield code="o">664.5 S94 2012</subfield>
    <subfield code="p">1102014771</subfield>
    <subfield code="r">2023-05-15 00:00:00</subfield>
    <subfield code="t">Ej. 1</subfield>
    <subfield code="w">2023-05-15</subfield>
    <subfield code="y">LIBRO</subfield>
  </datafield>
  <datafield tag="952" ind1=" " ind2=" ">
    <subfield code="0">0</subfield>
    <subfield code="1">0</subfield>
    <subfield code="2">ddc</subfield>
    <subfield code="4">0</subfield>
    <subfield code="5">5</subfield>
    <subfield code="7">0</subfield>
    <subfield code="8">GRAL</subfield>
    <subfield code="a">IA_</subfield>
    <subfield code="b">IA_</subfield>
    <subfield code="d">2019-11-28</subfield>
    <subfield code="e">Compra Librer&#xED;a UACh F. 38696</subfield>
    <subfield code="i">Consumo</subfield>
    <subfield code="l">3</subfield>
    <subfield code="o">664.5 S94 2012</subfield>
    <subfield code="p">1102014772</subfield>
    <subfield code="r">2025-03-03 12:47:18</subfield>
    <subfield code="s">2024-08-23</subfield>
    <subfield code="t">Ej. 2</subfield>
    <subfield code="w">2023-05-15</subfield>
    <subfield code="y">LIBRO</subfield>
  </datafield>
</record>
